Central Library OPAC University of Rajshahi

(বহু চিত্রে ও সরল ব্যাখ্যায়) জন্ম-নিয়ন্ত্রণ : (Record no. 51425)

MARC details
000 -LEADER
fixed length control field 00994nam a2200229 a 4500
001 - CONTROL NUMBER
control field 51425
003 - CONTROL NUMBER IDENTIFIER
rucl marc code BD-RjUL
005 - DATE AND TIME OF LATEST TRANSACTION
control field 20211209075646.0
008 - FIXED-LENGTH DATA ELEMENTS--GENERAL INFORMATION
fixed length control field 160831s1981 bg a|||| |||| 00| 0 ben d
035 ## - SYSTEM CONTROL NUMBER
System control number (BD-RjUL)51545
040 ## - CATALOGING SOURCE
Original cataloging agency BD-RjUL
Language of cataloging ben
Transcribing agency BD-RjUL
041 ## - LANGUAGE CODE
Language code of text/sound track or separate title ben
082 ## - DEWEY DECIMAL CLASSIFICATION NUMBER
Edition number 23
Classification number 363.96
Author mark and year HAJ 1981
100 1# - MAIN ENTRY--PERSONAL NAME
Personal name হাসনাৎ, আবুল
9 (RLIN) 123275
245 10 - TITLE STATEMENT
Title (বহু চিত্রে ও সরল ব্যাখ্যায়) জন্ম-নিয়ন্ত্রণ :
Statement of responsibility, etc. আবুল হাসনাৎ
Remainder of title [মত ও পথ-সমস্যা ও সমাধান] /
250 ## - EDITION STATEMENT
Edition statement সংশোধিত ও পরিমার্জিত সং.
260 ## - PUBLICATION, DISTRIBUTION, ETC. (IMPRINT)
Place of publication, distribution, etc. ঢাকা :
Name of publisher, distributor, etc. আহমদ পাবলিশিং হাউস,
Date of publication, distribution, etc. ১৯৮১
300 ## - PHYSICAL DESCRIPTION
Pagination [৮], ১৩৪ পৃ. :
Illustrations চিত্র ;
Size ১৭ সেমি.
650 ## - SUBJECT ADDED ENTRY--TOPICAL TERM
Topical term or geographic name as entry element জন্ম-নিয়ন্ত্রণ
9 (RLIN) 153820
Topical term or geographic name as entry element Birth - control
9 (RLIN) 153821
942 ## - ADDED ENTRY ELEMENTS (KOHA)
Source of classification or shelving scheme Dewey Decimal Classification
Koha item type Books
Holdings
Lost status Source of classification or shelving scheme Damaged status Not for loan Collection code Permanent Location Current Location Shelving location Date acquired Source of acquisition Cost, normal purchase price Total Checkouts Full call number Date last seen Copy number Koha item type
  Dewey Decimal Classification     Non-fiction Central Library, University of Rajshahi Central Library, University of Rajshahi   12/07/1990 Showkot Osman 20.00   B 363.96 HAJ 1981 31/08/2016 C-2 Books